01057nam a22002057a 4500003000400000005001700004008004100021020001800062082001800080100002300098245002500121250001900146260001600165520043400181650003800615700002400653942001600677952014300693999001500836OSt20260312122213.0260312b |||||||| |||| 00| 0 spa d a9789877010862 29789877010862 aALEJANDRO BULLÓN aLa Única Esperanza a1ra edición  aACES b2013 aSentido de vida: Explora cómo superar el vacío interior y la falta de propósito. Problemas cotidianos: Aborda temas como la ansiedad, el miedo, la soledad y las crisis familiares. Solución espiritual: Propone que la verdadera paz se encuentra al restablecer una conexión personal con Jesucristo. Testimonios: Utiliza historias y experiencias reales para ilustrar cómo la fe puede transformar situaciones desesperadas. 2Temas principales Sentido de vida a Alejandro Bullón 2ddccBKAn0 00102ddc40708F02aISUSbISUScBiblioteca Abiertad2026-03-12i0452l1m1oLECTURApBIBLIO0452r2026-04-01 09:33:04s2026-04-01t1yBKA c2024d2024